| 000 | 01275nam a2200229Ia 4500 | ||
|---|---|---|---|
| 999 |
_c39804 _d39804 |
||
| 001 | 6409 | ||
| 003 | GE_BSU | ||
| 005 | 20190503152427.0 | ||
| 008 | 181216s1971||||ge |||||||||||||| ||geo|| | ||
| 040 | _cGE_BSU | ||
| 041 | _ageo | ||
| 080 | _a625.1.001 კ-73 | ||
| 100 |
_aკონიაშვილი, ა. _9684 |
||
| 245 |
_aერთლიანდაგიანი რკინიგზების რეკონსტრუქციის დაგეგმარება : _bსახელმძღვ. / _cა. კონიაშვილი, გ. ცისკარიშვილი ; რედ. ტ.ზოზრაშვილი. |
||
| 264 |
_aთბილისი : _bგანათლება, _c1971. |
||
| 300 |
_a117 გვ. : _bნახაზები, დანართები ; _c 20 სმ. |
||
| 653 | _aერთლიანდაგიანი რკინიგზების რეკონსტრუქციის დაგეგმარება | ||
| 653 | _aრკინიგზების რეკონსტრუქცია | ||
| 700 |
_aცისკარიშვილი,გ. _eავტორი _9685 |
||
| 700 |
_aზოზრაშვილი, ტ. _eრედაქტორი _9686 |
||
| 942 |
_cBK _2udc |
||